000 00301nam a22001457a 4500
008 210304b ||||| |||| 00| 0 eng d
020 _a9781111185787
041 _aeng
080 _22nd
_a37
082 _a37
100 _a25
101 _aEDU
245 _aPsych 2
_cRathus, S.A
942 _2udc
_cBK
999 _c55718
_d55718